Normal view
MARC view
Entry Personal Name
001 - CONTROL NUMBER
- control field: 2418
003 - CONTROL NUMBER IDENTIFIER
- control field: OSt
005 - DATE AND TIME OF LATEST TRANSACTION
- control field: 20190223163116.0
008 - FIXED-LENGTH DATA ELEMENTS
- fixed length control field: 190223|| aca||aabn | a|a d
040 ## - CATALOGING SOURCE
- Original cataloging agency: OSt
- Transcribing agency: OSt
100 ## - HEADING--PERSONAL NAME
- Personal name: Sen, Geeti
670 ## - SOURCE DATA FOUND
- Source citation: Work cat.: (OSt): Sen, Geeti, The hands of Husain, 2018
